| 000 | 01114nam0a22002651 4500 | ||
|---|---|---|---|
| 001 | rc\2776166 | ||
| 005 | 20250806204814.0 | ||
| 035 | _a(NLR Aleph) 006902454 | ||
| 090 |
_a30831 _c30831 |
||
| 100 | _a20110915d1941 u y0rusy50 ca | ||
| 101 | 0 | _arus | |
| 102 | _aRU | ||
| 105 | _aa z ||||| | ||
| 200 | 1 |
_aИнструкция по бухгалтерскому учету по двойной системе в учреждениях, состоящих на государственном и местном бюджетах _fНар. ком. фин. Союза ССР |
|
| 210 |
_aРига _cПерепеч. Латвийск. отд. Глав. таможенного упр. НКВТ СССР _d1941 |
||
| 215 |
_a75 с. _cтабл. _d25 см. |
||
| 300 | _aПеред загл.: 11 ноября 1938 г. № 624/217 | ||
| 710 | 0 | 1 |
_aСССР _bБюджетное упр. _3RU\NLR\AUTH\889957780 |
| 801 | 0 |
_aRU _bNLR _gpsbo |
|
| 801 | 1 |
_aRU _bELAR _2rusmarc |
|
| 852 |
_aNLR _jЗ90 Г-8/2 |
||
| 942 | _cBOOK | ||
| 945 | _aРоссийская национальная библиотека | ||
| 980 | _aNB | ||
| 980 | _aBV | ||